2026 World Cup - Belgium Squad - Statistics

General Stats
  • This quiz has been taken 22 times
  • The average score is 15 of 26
Answer Stats
Hint Club Pos Answer % Correct
Manchester City Manchester_City_FC_badge.svg FW Jeremy Doku
100%
Real Madrid Real_Madrid_CF.svg GK Thibaut Courtois
100%
Arsenal Arsenal_FC.svg FW Leandro Trossard
91%
Aston Villa Aston_Villa_FC_new_crest.svg MF Youri Tielemans
91%
Napoli SSC_Napoli_2025_%28white_and_azure%29.svg FW Romelu Lukaku
86%
Napoli SSC_Napoli_2025_%28white_and_azure%29.svg MF Kevin de Bruyne
82%
Aston Villa Aston_Villa_FC_new_crest.svg MF Amadou Onana
77%
Atalanta AtalantaBC.svg FW Charles de Ketelaere
73%
Manchester United Manchester_United_FC_crest.svg GK Senne Lammens
73%
AC Milan Logo_of_AC_Milan.svg FW Alexis Saelemaekers
59%
Fulham Fulham_FC_%28shield%29.svg DF Timothy Castagne
59%
Girona Girona_FC_Logo.svg MF Axel Witsel
55%
Club Brugge Club_Brugge_KV_logo.svg MF Hans Vanaken
55%
Eintracht Frankfurt Eintracht_Frankfurt_crest.svg DF Arthur Theate
50%
Benfica SL_Benfica_logo.svg FW Dodi Lukebakio
50%
Brighton Brighton_and_Hove_Albion_FC_crest.svg DF Maxim de Cuyper
50%
Sporting CP Sporting_CP_crest.svg DF Zeno Debast
50%
AC Milan Logo_of_AC_Milan.svg DF Koni de Winter
45%
Lille Lille_OSC_2018_logo.svg DF Thomas Meunier
45%
Strasbourg Racing_Club_de_Strasbourg_logo.svg GK Mike Penders
41%
Strasbourg Racing_Club_de_Strasbourg_logo.svg FW Diego Moreira
32%
Rangers Rangers_FC.svg MF Nicolas Raskin
27%
Club Brugge Club_Brugge_KV_logo.svg DF Brandon Mechele
23%
Club Brugge Club_Brugge_KV_logo.svg DF Joaquin Seys
23%
Lille Lille_OSC_2018_logo.svg FW Matias Fernandez-Pardo
23%
Lille Lille_OSC_2018_logo.svg DF Nathan Ngoy
23%
No matching quizzes found
Score Distribution
Percent of People with Each Score
Percentile by Number Answered
Your Score History
You have not taken this quiz